พงศาวดารเรื่องไทยรบพม่า / (ระเบียนเลขที่ 67546)
| 000 -LEADER | |
|---|---|
| fixed length control field | 01640nam a22002537a 4500 |
| 003 - CONTROL NUMBER IDENTIFIER | |
| control field | NALT |
| 005 - DATE AND TIME OF LATEST TRANSACTION | |
| control field | 20250508143152.0 |
| 008 - FIXED-LENGTH DATA ELEMENTS--GENERAL INFORMATION | |
| fixed length control field | s2555 th ||||| |||| 00| 0 tha d |
| 020 ## - INTERNATIONAL STANDARD BOOK NUMBER | |
| International Standard Book Number | 9789740209201 |
| 040 ## - CATALOGING SOURCE | |
| Original cataloging agency | ์NALT |
| 050 ## - LIBRARY OF CONGRESS CALL NUMBER | |
| Classification number | DS 571 |
| Item number | ด495พ 2555 |
| 100 0# - MAIN ENTRY--PERSONAL NAME | |
| Personal name | ดำรงราชานุภาพ, |
| Titles and words associated with a name | สมเด็จพระเจ้าบรมวงศ์เธอ กรมพระยา |
| 9 (RLIN) | 20579 |
| 245 10 - TITLE STATEMENT | |
| Title | พงศาวดารเรื่องไทยรบพม่า / |
| Statement of responsibility, etc. | สมเด็จพระเจ้าบรมวงศ์เธอ กรมพระยาดำรงราชานุภาพ. |
| 246 14 - VARYING FORM OF TITLE | |
| Title proper/short title | พงศาวดารเรื่อง ไทยรบพม่า. |
| 250 ## - EDITION STATEMENT | |
| Edition statement | พิมพ์ครั้งที่ 4 |
| 260 ## - PUBLICATION, DISTRIBUTION, ETC. | |
| Place of publication, distribution, etc. | กรุงเทพฯ : |
| Name of publisher, distributor, etc. | มติชน, |
| Date of publication, distribution, etc. | 2555. |
| 300 ## - PHYSICAL DESCRIPTION | |
| Extent | 763 หน้า : |
| Other physical details | ภาพประกอบ ; |
| Dimensions | 21 ซม. |
| 651 #4 - SUBJECT ADDED ENTRY--GEOGRAPHIC NAME | |
| 9 (RLIN) | 6509 |
| Geographic name | ไทย |
| General subdivision | ประวัติศาสตร์ |
| Chronological subdivision | กรุงศรีอยุธยา, 1893-2310 |
| General subdivision | สงครามกับพม่า |
| 651 #4 - SUBJECT ADDED ENTRY--GEOGRAPHIC NAME | |
| 9 (RLIN) | 26970 |
| Geographic name | ไทย |
| General subdivision | ประวัติศาสตร์ |
| Chronological subdivision | กรุงรัตนโกสินทร์, 2325-2393 |
| Geographic subdivision | สงครามกับพม่า |
| 651 #4 - SUBJECT ADDED ENTRY--GEOGRAPHIC NAME | |
| 9 (RLIN) | 26969 |
| Geographic name | ไทย |
| General subdivision | ประวัติศาสตร์ |
| Chronological subdivision | กรุงธนบุรี, 2310-2325 |
| Geographic subdivision | สงครามกับพม่า |
| 850 ## - HOLDING INSTITUTION | |
| Holding institution | NALT |
| 942 ## - ADDED ENTRY ELEMENTS (KOHA) | |
| Koha item type | General Book |
| Source of classification or shelving scheme | Library of Congress Classification |
| 998 ## - STAFF NAME (NALT) | |
| -- | 104 |
| -- | นางสาวสายฝน ดีงาม |
| Withdrawn status | Lost status | Source of classification or shelving scheme | Damaged status | Not for loan | Collection code | Home library | Current library | Source of acquisition | Total Checkouts | Total Renewals | Full call number | Barcode | Date last seen | Date last checked out | Price effective from | Koha item type |
|---|---|---|---|---|---|---|---|---|---|---|---|---|---|---|---|---|
| Library of Congress Classification | General Book collection | National Assembly Library of Thailand | National Assembly Library of Thailand | จัดซื้อทรัพยากร | 1 | 1 | DS 571 ด495พ 2555 | 3961191572 | 14/11/2017 | 24/10/2017 | 09/06/2017 | General Book |
